000 00717nam a2200289Ia 4500
005 20260324121709.0
008 008 260324s9999 xx 000 0 eng d
020 _a9780203080672
037 _aEBOOK
040 _aCRL
040 _beng
040 _cCRL
041 _2eng
041 _aeng
084 _qCRL
100 _aGianluca Ferraro
_91163516
245 0 _aInternational Regimes in China
245 0 _bDomestic Implementation of the International Fisheries Agreements
260 _bTaylor and Francis
260 _c2013
365 _a
365 _b150
856 _uhttp://www.taylorfrancis.com/books/9780203080672
942 _cEBOOK
999 _c1755790
_d1755790